MOTES DE HOPLITAS - Estadísticas

Estadísticas generales
  • Esta prueba ha sido intentada 58 veces
  • La puntuación promedio es 35 de 48
Estadísticas de respuestas
NOMBRE MOTE % Correcto
ivié iguana
96%
hela sofía galga
92%
renata mate
92%
merche milano
92%
antonella estrellita
88%
elisenda fuet
88%
Lucía (míster) lula
88%
anabel nana
88%
Luis (míster) wicho
88%
lombas bombas
84%
angy dosde
84%
fatima fati
84%
anabel hachi
84%
raquel pipi
84%
aroa rayo
84%
sara o tyson
84%
sophie whisky
84%
inés 3 inés
80%
inés 1 inés veterana
80%
blanca sushi
80%
tatiana tati
80%
lucia 2 techno
80%
nerea 2 doctora juguetes
76%
ana maria premios
76%
oliver rompeculos
76%
sara p testi
76%
eva wall e
76%
marta atún
72%
ale godoy motín
72%
rosa pinki
72%
lucia 1 rex
72%
nerea xoxona
72%
Carmen (fisio) Car
68%
marta sofía corner
68%
silvia 2 kebab
68%
cris puños
68%
noemí enchufe
64%
irene irene
64%
inés 2 sota
64%
fra birreta
56%
silvia rojas
56%
esme setas
56%
alba jamón
48%
lucia 3 miyagui
48%
lucia 4 maja
44%
ana ricky
40%
gala puca
28%
claudia ranger
28%
No se encontraron pruebas coincidentes
Distribución de puntuación
Porcentaje de gente con cada puntuación
Porcentaje por número respondido
Historial de tus puntuaciones
No has intentado esta prueba.